Annual report: National Consumer Helpline, 2018-19 (Record no. 524713)
[ view plain ]
| 000 -LEADER | |
|---|---|
| fixed length control field | 00342nam a2200097 4500 |
| 082 ## - DEWEY DECIMAL CLASSIFICATION NUMBER | |
| Classification number | A45:Z2 N/2018-19 |
| 100 ## - MAIN ENTRY--PERSONAL NAME | |
| Personal name | India. Ministry of Consumer Affairs,Food & Public Distribution, Depart ment of Consumer Affairsd |
| 9 (RLIN) | 42684 |
| 245 ## - TITLE STATEMENT | |
| Title | Annual report: National Consumer Helpline, 2018-19 |
| 260 ## - PUBLICATION, DISTRIBUTION, ETC. (IMPRINT) | |
| Place of publication, distribution, etc | New Delhi |
| Name of publisher, distributor, etc | The author |
| Date of publication, distribution, etc | 2019 |
| 300 ## - PHYSICAL DESCRIPTION | |
| Extent | 80p. |
No items available.
